Loading...
| Science - Physics | 0 | 11 | 1 | 1 | 105 | 52 | 95.18 | 1 | 2 | 19.96 | 49.70 |
| Literature - European | 0 | 7 | 0 | 0 | 70 | 100 | 128.71 | 0 | 0 | 6.44 | 27.29 |
| Religion | 0 | 7 | 1 | 3 | 65 | 99 | 122.29 | 0 | 0 | 5.29 | 24.44 |
| Science - Biology | 0 | 8 | 5 | 1 | 55 | 53 | 87.88 | 0 | 4 | 15.51 | 32.67 |
| Literature - British | 0 | 5 | 0 | 0 | 50 | 114 | 121.60 | 0 | 0 | 4.79 | 20.30 |
| Science - Other | 0 | 5 | 0 | 0 | 50 | 64 | 100.00 | 0 | 0 | 7.87 | 20.02 |
| Mythology | 0 | 5 | 1 | 0 | 45 | 56 | 90.80 | 1 | 3 | 23.10 | 51.61 |
| Social Science | 0 | 5 | 1 | 1 | 45 | 83 | 106.00 | 0 | 0 | 5.60 | 13.42 |
| Science - Chemistry | 0 | 8 | 8 | 0 | 40 | 76 | 95.88 | 0 | 4 | 11.97 | 39.49 |
| Literature - World | 0 | 4 | 1 | 0 | 35 | 32 | 75.00 | 2 | 3 | 12.05 | 21.04 |
| Philosophy | 0 | 4 | 1 | 1 | 35 | 95 | 117.00 | 1 | 1 | 3.71 | 16.91 |
| History - Other | 0 | 2 | 0 | 0 | 20 | 69 | 72.00 | 0 | 2 | 5.76 | 11.16 |
| History - World | 0 | 3 | 2 | 1 | 20 | 111 | 130.00 | 0 | 0 | 1.58 | 9.51 |
| Literature - American | 0 | 2 | 1 | 1 | 15 | 144 | 152.00 | 0 | 0 | 0.76 | 2.25 |
| Other Academic | 0 | 2 | 1 | 0 | 15 | 104 | 114.00 | 0 | 0 | 2.95 | 9.15 |
| Fine Arts - Painting & Sculpture | 0 | 1 | 0 | 0 | 10 | 95 | 95.00 | 0 | 1 | 1.85 | 4.69 |
| History - American | 0 | 1 | 0 | 0 | 10 | 111 | 111.00 | 0 | 0 | 0.83 | 3.65 |
| Current Events | 0 | 1 | 0 | 0 | 10 | 116 | 116.00 | 0 | 0 | 1.27 | 5.09 |
| History - European | 0 | 1 | 1 | 1 | 5 | 133 | 133.00 | 0 | 0 | 0.00 | 2.19 |
| Geography | 0 | 1 | 1 | 0 | 5 | 93 | 93.00 | 0 | 0 | 3.91 | 12.34 |